000
00248nam a2200109Ia 4500
008
190914s9999||||xx |||||||||||||| ||und||
100
_a
PC Tulsian
245
0
_a
Cost Accounting
260
_a
India
_b
McGraw Hill
_c
303
300
_a
2004
942
_c
BK
999
_c
9808
_d
9808